000 00675cam a2200217 a 4500
001 3087491
005 20251129165105.0
008 980323s1998 njua b 001 0 eng
020 _a0137261594
020 _a9780137261598
050 0 0 _aTA405
_b.P677 1998
082 0 0 _a620.1/12
_221
100 1 _aPopov, E. P.
_q(Egor Paul),
_d1913-
245 1 0 _aEngineering mechanics of solids /
_cEgor P. Popov in collaboration with Toader A. Balan.
250 _a2nd ed.
260 _aUpper Saddle River, N.J. :
_bPrentice Hall,
_cc1999.
300 _axvi, 864 p. :
_bill. ;
_c25 cm.
650 0 _aStrength of materials.
700 1 _aBalan, Toader A.
942 _2lcc
_cBK
_e2nd ed.
_n0
999 _c8467
_d8467